| 000 | 00909nam a22002177a 4500 | ||
|---|---|---|---|
| 999 |
_c5162 _d5162 |
||
| 003 | OSt | ||
| 005 | 20250813144124.0 | ||
| 008 | 250813b ||||| |||| 00| 0 eng d | ||
| 020 | _a9780198390251 | ||
| 040 | _cKH8 | ||
| 082 | _a530 REY | ||
| 100 |
_aReynolds Helen, _eauthor. |
||
| 245 |
_aComplete Physics for Cambridge Secondary 1: _bWorkbook / _cHelen Reynolds. |
||
| 260 |
_aNew York ; _bOxford University Press , _c2013. |
||
| 300 |
_av, 128 pages : _billustrations ; _c30 cm. |
||
| 490 |
_aComplete Physics for Cambridge Secondary _v1 |
||
| 520 | _aComplete Physics for Cambridge Secondary 1 directly supports the Physics elements of the Cambridge Secondary 1 Science curriculum framework, enabling learners to tackle the Checkpoint test and rise to the challenge of Cambridge IGCSE with confidence. | ||
| 650 |
_aPractice book _vPhysics |
||
| 650 |
_aExam preparation book _vPhysics |
||
| 942 |
_2ddc _cTR |
||